| 000 | 01293nam a22002895a 4500 | ||
|---|---|---|---|
| 003 | OSt | ||
| 005 | 20170218125830.0 | ||
| 008 | 170218s2008 ua frb 000 0 ara d | ||
| 015 | _a2008 / 10558 | ||
| 020 | _a9789770456533 | ||
| 040 |
_aEG-ScBUE _bara _cEG-ScBUE |
||
| 043 |
_af-ua--- _ae-fr--- |
||
| 082 | 0 | 4 |
_a341.026 _bت ر س _222 |
| 100 | 1 | _aترساوي، عوض عبد الجليل عوض. | |
| 245 | 1 | 2 |
_aالمعاهدات الدولية أمام القضاء الدستوري : _bدراسة مقارنة في القضاء الدستوري المصري والمجلس الدستوري الفرنسي / _cعوض عبد الجليل عوض الترساوي. |
| 260 |
_aالقاهرة : _bدار النهضة العربية، _c2008. |
||
| 300 |
_a175 ص. ؛ _c24 سم. |
||
| 504 | _aيشتمل على إرجاعات ببليوجرافية. | ||
| 650 | 7 |
_aالمعاهدات (قانون دولي) _2BUEsh |
|
| 650 | 7 |
_aالمعاهدات _xقوانين وتشريعات _zمصر. _2BUEsh |
|
| 650 | 7 |
_aالمعاهدات _xقوانين وتشريعات _zفرنسا. _2BUEsh |
|
| 650 | 7 |
_aالقانون الدستوري _zمصر. _2BUEsh _941131 |
|
| 650 | 7 |
_aالقانون الدستوري _zفرنسا. _2BUEsh |
|
| 651 | _2BUEsh | ||
| 653 |
_bLLAAWW _cFebruary2017 |
||
| 942 | _2ddc | ||
| 999 |
_c24187 _d24159 |
||